000 00295nam a22001337a 4500
008 181031b xxu||||| |||| 00| 0 eng d
020 _a9781619492431
041 _aeng
080 _a101
100 _a25
101 _aFIL
245 _aConsolation Of Philosophy
_cAncius.b
942 _2udc
_cBK
999 _c51255
_d51255